000 00540nam a2200181 i 4500
001 61914
003 ES-MaACL
005 20251018063045.0
007 t|
008 031114s1960 sp |||| | spa d
100 1 _aFaulkner, William,
_d1897-1962
_9242365
245 1 0 _aEn la ciudad /
_cWilliam Faulkner ; traducción de Ramón Hernández.
260 _aBuenos Aires :
_bPlaza & Janés,
_c[1960]
300 _a351 p. ;
_c20 cm.
700 1 _aHernández, Ramón.
_962858
852 _aES-MaACL
_jC-17653
999 _c61914
_d61914